000 00623nam a2200181 a 4500
008 120416s1992 xx |||||||||||||| || u
020 _a1555872859
050 _aJQ 1879.A15 Gov
100 _aHyden, G
245 1 0 _aGovernance and politics in Africa
_cedited by G. Hyden
260 _a
_bLynne Rienner
_c1992
300 _axii, 329p. : ill
350 _a0.00
650 _aGOVERNMENT
650 _aPOLITICS AND GOVERNMENT--AFRICA
700 _aBratton, M
995 _D0.00
_FCBU-MAIN LIBRARY (Kitwe)
_H1
_I26.00
_M1
_UAVAILABLE
_ZMain Library Open Access Collection
999 _c44809
_d44809